Mexico 2018 FIFA World Cup Squad - Statistics

General Stats
  • This quiz has been taken 533 times
  • The average score is 15 of 24
Answer Stats
Position Player Club % Correct
GK Guillermo Ochoa Standard Liège
94%
FW Javier Hernández West Ham United
94%
FW Hirving Lozano PSV Eindhoven
91%
FW Carlos Vela Los Angeles FC
82%
MF Andrés Guardado Real Betis
79%
MF Giovani dos Santos LA Galaxy
78%
MF Jonathan dos Santos LA Galaxy
78%
DF Héctor Herrera Porto
74%
MF Jesús Manuel Corona Porto
74%
FW Raúl Jiménez Benfica
74%
GK José de Jesús Corona Cruz Azul
73%
DF Rafael Márquez Atlas
64%
MF Miguel Layún Sevilla
62%
DF Héctor Moreno Real Sociedad
61%
DF Carlos Salcedo Eintracht Frankfurt
55%
FW Marco Fabián Eintracht Frankfurt
54%
GK Alfredo Talavera Toluca
50%
Coach Juan Carlos Osorio
49%
DF Edson Álvarez América
48%
FW Oribe Peralta América
44%
MF Jesús Gallardo UNAM
43%
MF Javier Aquino UANL
40%
DF Hugo Ayala UANL
38%
MF Érick Gutiérrez Pachuca
37%
No matching quizzes found
Score Distribution
Percent of People with Each Score
Percentile by Number Answered
Your Score History
You have not taken this quiz